[Event "EU-ch 6th"]
[Site "Warsaw"]
[Date "2005.06.26"]
[Round "8"]
[White "Moiseenko, Alexander"]
[Black "Alekseev, Evgeny V"]
[Result "1-0"]
[WhiteElo "2665"]
[BlackElo "2597"]
[Annotator "Ftacnik,L"]
[PlyCount "77"]
[EventDate "2005.06.18"]
[EventType "swiss"]
[EventRounds "13"]
[EventCountry "POL"]
[SourceTitle "CBM 108"]
[Source "ChessBase"]
[SourceDate "2005.09.26"]
[SourceVersion "1"]
[SourceVersionDate "2005.09.26"]
[SourceQuality "1"]

1. d4 e6 2. c4 Nf6 3. Nf3 b6 4. Nc3 Bb4 5. Bg5 Bb7 6. Nd2 h6 7. Bh4 O-O 8. e4
$5 g5 9. Bg3 Nxe4 10. Ncxe4 {[%mdl 4] The line with early sacrifice of the e
pawn become rather popular. White gets rapid access to the exposed kingside
position and unpleasant initiative for the pawn.} Bxe4 11. a3 Bxd2+ 12. Qxd2
Nc6 (12... f5 13. f3 Bb7 14. h4 f4 15. Bf2 $40) 13. h4 $1 Bg6 (13... g4 14. f3
$1 gxf3 15. gxf3 Bxf3 16. Rg1 Bg4 17. Qxh6 f5 18. Qg6+ Kh8 19. Bg2 $16) 14.
hxg5 hxg5 (14... Qxg5 15. Bf4 (15. Rd1 Qxd2+ 16. Rxd2 d6 17. Rxh6 $14) 15...
Qf6 16. Be3 h5 17. Be2 $14) 15. f4 d6 {Alekseev struggles to build up the most
promissing defense, his hopes are connected with counterplay against white
king.} (15... Qf6 16. fxg5 (16. Rd1 gxf4 17. Bxf4 e5 18. dxe5 Nxe5 19. Be2 Rfe8
$13) 16... Qxd4 17. Bxc7 Qxd2+ 18. Kxd2 $14) 16. d5 $1 exd5 17. cxd5 Ne7 (17...
gxf4 18. Bh4 $1 Qe8+ 19. Be2 Ne5 20. Bf6 Bh7 21. Qc2 Ng6 22. Qf5 $18) 18. Bf2 (
18. fxg5 Nf5 19. Bf4 Re8+ 20. Kf2 $16) 18... Qd7 (18... gxf4 $5 19. O-O-O Qd7
20. Bc4 $14) 19. fxg5 Rae8 20. Be2 Be4 $6 {Active move, but the one without
real power to grab the initiative. Moiseenko is becoming enough time to
coordinate his pieces well.} (20... Qf5 $5 21. Rd1 Qe4 22. Rh4 (22. Bd4 f6 23.
O-O Nf5 24. Bb5 $14) 22... Qxg2 23. Qd4 $40) 21. Bd4 $1 Ng6 (21... Bh7 22.
O-O-O $18) 22. O-O-O c6 (22... Bxd5 23. Rh6 Qc6+ 24. Kb1 Bxg2 25. Bd3 $16) 23.
dxc6 (23. Rh6 cxd5 24. Rdh1 Qc6+ 25. Bc3 Re5 26. Qe3 $16) 23... Qxc6+ 24. Bc3
Qa4 $2 {Black is too restless for counterplay, the queen move loses time as
white will not let her infiltrate his queenside.} (24... Re5 25. Rh6 $14) 25.
Bd3 Rc8 26. Bxe4 Qxe4 27. Rh3 Rfe8 (27... d5 28. Re1 Qg4 29. Qxd5 Rc5 30. Qb7
Qxg5+ 31. Kb1 $18) 28. Rdh1 (28. Qxd6 Qe5 29. Qf6 Qxf6 30. gxf6 $16) 28... Re5
29. Qxd6 Qf4+ 30. Qd2 $1 {White bishop on c3 is pinned, but his control of the
a1-h8 diagonal decides.} Qf5 (30... Qxd2+ 31. Kxd2 Rd5+ 32. Kc2 $18) 31. Qc2
Qxg5+ 32. Kb1 Rxc3 (32... Rcc5 33. Qd3 $18) 33. Rxc3 Kg7 (33... Qf5 34. Qxf5
Rxf5 35. Rc7 Rf2 36. g4 $18) 34. Rc7 a5 35. Rf1 Ne7 36. Ka1 b5 37. Qf2 Qg6 38.
Qd4 f6 39. Qd6 1-0

[Event "Murcia m"]
[Site "Murcia"]
[Date "1990.??.??"]
[Round "2"]
[White "Kasparov, Garry"]
[Black "Psakhis, Lev"]
[Result "1/2-1/2"]
[WhiteElo "2800"]
[BlackElo "2575"]
[Annotator "Ftacnik,L"]
[PlyCount "85"]
[EventDate "1990.??.??"]
[EventType "match"]
[EventRounds "6"]
[EventCountry "ESP"]
[SourceTitle "CBM 020"]
[Source "ChessBase"]
[SourceDate "1991.02.01"]
[SourceVersion "1"]
[SourceVersionDate "1991.02.01"]
[SourceQuality "1"]

1. d4 {Schussler} Nf6 2. c4 e6 3. Nf3 b6 4. Nc3 Bb4 5. Bg5 Bb7 6. Nd2 Bxc3 7.
bxc3 h6 8. Bh4 g5 9. Bg3 d6 10. e3 Qe7 11. h4 Rg8 12. hxg5 hxg5 13. Be2 Nc6 (
13... Bxg2 14. Rh2 Bb7 15. Bf3 c6 16. c5 $36) 14. Qc2 O-O-O 15. O-O-O Rh8 16.
e4 Kb8 17. Nb3 Nd7 18. Bd3 Qf6 19. Rxh8 Qxh8 20. c5 dxc5 21. Bb5 Qf8 (21...
cxd4 $2 22. cxd4 $18) 22. d5 Nce5 23. d6 f6 (23... cxd6 $4 24. Bxd7 Rxd7 25.
Bxe5 $18) 24. dxc7+ Kxc7 25. Qe2 Qe7 26. Nd2 Nf8 27. Nc4 Rxd1+ 28. Qxd1 Nfg6
29. Qh5 Bxe4 30. Qe2 Bd5 31. Nxe5 Nxe5 32. Bxe5+ fxe5 33. Qxe5+ Kb7 34. f3 a6
$2 (34... Bxa2 35. c4 a6 36. Bxa6+ (36. Qe4+ Ka7 37. Ba4 Qg7 $1) 36... Kxa6 37.
Qa1 Kb7 38. Qxa2 $15) 35. Bd3 b5 (35... Bxa2 $2 36. c4 b5 37. Qb2 $1) 36. Kb2
c4 37. Bc2 b4 $6 $138 38. Be4 bxc3+ 39. Kc2 Qd7 40. Kxc3 Qb5 $2 41. Qxe6 Qa5+
42. Kd4 Qd2+ 43. Kc5 {Ftacnik,L} 1/2-1/2

[Event "Fraenkische GM 1st"]
[Site "Pulvermuehle"]
[Date "2000.01.22"]
[Round "9"]
[White "Ibragimov, Ildar"]
[Black "Bischoff, Klaus"]
[Result "1-0"]
[WhiteElo "2611"]
[BlackElo "2544"]
[Annotator "Ftacnik,L"]
[PlyCount "81"]
[EventDate "2000.01.12"]
[EventType "tourn"]
[EventRounds "9"]
[EventCountry "GER"]
[EventCategory "10"]
[SourceTitle "CBM 075"]
[Source "ChessBase"]
[SourceDate "2000.04.05"]
[SourceVersion "1"]
[SourceVersionDate "2000.04.05"]
[SourceQuality "1"]

1. d4 e6 2. Nf3 Nf6 3. c4 b6 4. Nc3 Bb4 5. Bg5 h6 6. Bh4 Bb7 7. Nd2 Be7 8. e4
d6 (8... Nxe4 $5 9. Bxe7 Nxc3 10. Bxd8 (10. Qg4 Kxe7 11. bxc3 Kf8 $17) 10...
Nxd1 11. Bxc7 Nxb2 12. a4 d5 13. cxd5 exd5 14. Ra2 Nc4 15. Nxc4 dxc4 16. Bxc4
$11) 9. Bg3 Nbd7 10. Be2 e5 (10... c5 11. d5 $14) 11. d5 Nf8 12. b4 Ng6 13. Nb3
h5 (13... O-O 14. O-O $14) 14. h3 h4 15. Bh2 O-O 16. O-O {Black's position is
very solid, but too passive. White can hope to benefit from his space
advantage on the queenside.} c5 (16... a5 17. bxa5 bxa5 18. Rb1 $14) 17. dxc6 (
17. bxc5 dxc5 $14) 17... Bxc6 18. Bd3 Ne8 (18... a5 19. a3 axb4 20. axb4 Rxa1
21. Qxa1 $14) 19. Nd5 Nc7 20. a4 Rb8 (20... Ne6 21. a5 $1 $16) 21. Be2 Ne6 22.
Bg4 Bg5 23. Ra2 Bh6 (23... Bf4 24. g3 Bh6 25. b5 $14) 24. b5 Bb7 (24... Bxd5
25. cxd5 Nc5 26. Qf3 $14) 25. a5 $1 {Despite black's best effort white has
excellent grip in the center and the queenside.} Ne7 (25... Nef4 26. axb6 Nxd5
27. exd5 Qxb6 28. Na5 Bf4 $14) 26. Qd3 g6 (26... Nxd5 27. cxd5 $1 (27. exd5 Nf4
28. Qc2 a6 $14) 27... Nf4 28. Bxf4 Bxf4 29. Rfa1 $16) 27. Nf6+ Kg7 28. Bxe6
Kxf6 (28... fxe6 29. Ng4 Qc7 (29... Bf4 30. Rd1 $16) 30. Rd1 Rbd8 31. a6 Bc8
32. Nxh6 Kxh6 33. Nd2 $16) 29. Bd5 Nxd5 (29... Bxd5 30. cxd5 Kg7 31. f4 $14)
30. cxd5 Kg7 31. f4 {Opening of a new front is very unpleasant for black
suffering from the lack of space.} f6 (31... exf4 32. a6 Bc8 33. Bxf4 Bxf4 34.
Rxf4 $16) 32. a6 Bc8 33. Raf2 Qe8 (33... exf4 34. Nd4 Ra8 35. Bxf4 $16) 34.
fxe5 dxe5 35. Nd4 $1 exd4 36. Qxd4 $6 (36. Bxb8 Be3 37. Bxa7 Bd7 38. Rb1 f5
$132 39. e5 Qxe5 40. Bxb6 $18) 36... Ra8 (36... Bd7 37. Rxf6 Kg8 (37... Kh7 38.
Bxb8 Qxb8 39. Rxf8 Bxf8 40. Rf7+ $18) 38. Bxb8 Qxb8 39. Rxg6+ Kh7 40. Rff6 Rxf6
41. Qxf6 Qf8 42. Kh1 Bxb5 43. Qxf8 Bxf8 44. Rxb6 $18) 37. Rxf6 Rxf6 $2 {
This looks like a time trouble move, while stubborn would severely question
the wisdom of piece sacrifice with 36.Qxd4?!} (37... Be3+ $2 38. Qxe3 Rxf6 39.
Qd4 $18) (37... Kg8 $1 38. Rxf8+ (38. Bd6 Rxf6 39. Qxf6 Bg7 (39... Qxe4 $2 40.
Qd8+ Kh7 41. Rf7+ Bg7 42. Qf6 $18) 40. Qxh4 Bd7 $15) 38... Bxf8 39. d6 Be6 40.
e5 Qxb5 41. Qxh4 $15) 38. Qxf6+ Kg8 (38... Kh7 39. Be5 Be3+ (39... Bd7 40. Qf7+
$18) 40. Kh1 Bh6 41. Rc1 $18) 39. Be5 Kh7 40. Rf3 g5 41. Rc3 1-0

[Event "Cannes NAO Masters"]
[Site "Cannes"]
[Date "2002.03.03"]
[Round "9"]
[White "Bacrot, Etienne"]
[Black "Karpov, Anatoly"]
[Result "1-0"]
[WhiteElo "2649"]
[BlackElo "2693"]
[Annotator "Ftacnik,L"]
[PlyCount "135"]
[EventDate "2002.02.22"]
[EventType "tourn"]
[EventRounds "9"]
[EventCountry "FRA"]
[EventCategory "18"]
[SourceTitle "CBM 088"]
[Source "ChessBase"]
[SourceDate "2002.03.21"]
[SourceVersion "1"]
[SourceVersionDate "2002.03.21"]
[SourceQuality "1"]

1. d4 {Wells} Nf6 2. c4 e6 3. Nc3 Bb4 4. Nf3 b6 5. Bg5 h6 6. Bh4 Bxc3+ 7. bxc3
Bb7 8. Nd2 g5 9. Bg3 d6 10. e3 Qe7 11. h4 Rg8 12. hxg5 hxg5 13. Rh6 Nbd7 14.
Qa4 Kf8 15. O-O-O Kg7 16. Rh1 e5 $6 {This unfortunate move is weakening f5
square, black probably has to wait with this advance, untill white plays e3-e4
himself.} (16... c5 17. f3 a6 $13) 17. f3 a6 18. Bd3 $1 Rh8 (18... e4 $5 19.
fxe4 Nxe4 20. Nxe4 Bxe4 21. Bxe4 (21. Be5+ dxe5 22. Bxe4 Rad8 23. Rh7+ Kf8 24.
Bd5 Rg7 25. Rxg7 Kxg7 26. Qxa6 Nf6 $14) 21... Qxe4 22. Qxd7 Rgd8 $1 (22...
Qxe3+ 23. Kb2 Qxg3 24. Rdf1 Qxg2+ 25. Kb3 Raf8 26. Qf5 $18) 23. Qxc7 (23. Qh3
Rh8 24. Be5+ dxe5 25. Qg3 $14) 23... Rac8 24. Qa7 Ra8 (24... Qxe3+ 25. Kb2 Qxg3
26. Rdf1 Rf8 27. Qe7 $18) 25. Be5+ $1 dxe5 (25... Qxe5 26. Rh7+ Kxh7 27. Qxf7+
Qg7 28. Rh1#) 26. Qe7 Qxe3+ 27. Kb2 Qf4 28. g3 $1 (28. Rhf1 Re8 29. Qc7 Rec8
$13) 28... Re8 29. gxf4 Rxe7 30. fxe5 $16) 19. Bf5 {'+/=!' Wells. Wells:
'Difficult for black to play around this piece, and the solution he seeks with
...Nh5 does not solve his problems in the centre either. Note that black has
to maintain a constant vigilance against a possible c5 break.'} Rxh1 20. Rxh1
Rh8 21. Rxh8 Kxh8 22. e4 Nh5 $2 {With the age Karpov becomes impatient, with
all probability he missed the strength of the white's "c" pawn advance with
serious positional consequences.} (22... Kg7 23. Bf2 $14) 23. Qxd7 Qxd7 24.
Bxd7 (24. Bxe5+ dxe5 25. Bxd7 exd4 26. cxd4 Nf4 $132) 24... Nxg3 25. dxe5 Ne2+
(25... dxe5 26. c5 $1 b5 (26... bxc5 27. Nb3 $16) 27. c6 Ba8 28. Nb3 $16) 26.
Kc2 Nf4 27. exd6 cxd6 28. g3 Nh5 29. Nf1 $6 {[%mdl 4096] Bacrot is showing a
mercy for his great opponent, poradoxally even in this position white can get
huge advantage with the pawn advance to c5. The difficult part was the massive
overprotection of that square with black pawns.} (29. g4 Nf4 30. c5 $3 bxc5 (
30... dxc5 31. Nc4 Kg7 (31... b5 32. Nd6 Ba8 33. Nxf7+ Kg7 34. Nxg5 Kf6 35.
Nh7+ Kg7 36. Bf5 $18) 32. Nxb6 Ng6 33. Na4 $1 c4 34. Nc5 $16) 31. Nc4 d5 32.
Nd6 dxe4 $5 33. fxe4 (33. Nxb7 $4 exf3 $19) 33... Ba8 34. Bc8 $1 Kg7 (34... a5
35. Bb7 Bxb7 36. Nxb7 $16) 35. Bxa6 $16) 29... Nf6 30. Bf5 g4 $1 31. Bxg4 Nxg4
32. fxg4 Bxe4+ 33. Kd2 Kg7 34. Ke3 Bg2 35. Nd2 Kf6 36. Kf4 Ke6 37. a3 Bh3 38.
g5 Bf5 (38... d5 $2 39. cxd5+ Kxd5 40. g4 Bg2 41. Kf5 $16) (38... Bg2 39. Ne4
Bf1 40. Nd2 Bg2 41. g4 Ke7 42. Kf5 Bh3 43. Ne4 Bf1 44. g6 fxg6+ 45. Kxg6 Bd3
46. Kf5 Bxc4 $11) 39. Ne4 Bg6 40. Nf6 $1 Bd3 {Karpov very correrctly guessed
that thanks to the pair of white double pawns he will have excellent chances
for a draw.} (40... b5 41. Nd5 bxc4 42. Nc7+ Kd7 43. Nxa6 $16) 41. Nd5 Bxc4 42.
Nxb6 Bb3 43. c4 Bc2 44. Ke3 a5 (44... Kf5 $2 45. Kd4 Kxg5 46. Kd5 Kg4 47. Kxd6
Kxg3 48. c5 $18) 45. Kd4 Bd1 46. Nd5 Bf3 47. Nc7+ Kd7 48. Nb5 Kc6 49. Nc3 Kd7
50. Ke3 Bg4 51. Nd5 Bf5 52. Kd4 Bb1 53. Nc3 (53. c5 Kc6 54. cxd6 Kxd6 55. Ne3
Kc6 56. Nc4 Kb5 57. Nd6+ Ka4 58. Nxf7 Kxa3 59. Ne5 a4 (59... Kb3 $2 60. g6 a4
61. Nd3 $18) 60. g6 Kb4 61. g7 Bh7 62. Nd3+ Kb5 63. Kc3 Kc6 $11) 53... Bc2 54.
Kd5 Bf5 55. Ne2 Be6+ 56. Kd4 Kc6 57. Nc1 Kb6 58. Nb3 Ka6 $6 (58... Bf5 59. Kd5
Be6+ 60. Kxd6 Bxc4 61. Nd4 Ba2 62. g4 Bb1 63. Ke7 Ba2 64. Nf5 Kb5 65. Nd6+ Ka4
66. Nxf7 Bb1 67. Ne5 Kxa3 68. g6 Bxg6 69. Nxg6 a4 70. Ne5 Kb4 71. g5 a3 72.
Nd3+ Kc3 73. Nc1 Kb2 $11) 59. Nd2 Kb6 60. Nf3 $1 Bf5 $2 {It seems, that only
this move is costing half a point. Bacrot will manage to address f7 square and
even rush back with a king to stop the rush of a black's "a" pawn.} (60... Bg4
61. Nh4 Bh5 62. Kd5 Kc7 63. c5 dxc5 64. Kxc5 a4 65. Nf5 $16) 61. Kd5 Be6+ (
61... Kc7 62. Nd4 Bd7 63. Nb5+ $18) 62. Kxd6 Bxc4 63. Ne5 Bb3 64. Ke7 Kb5 65.
Nxf7 Bc2 66. Nd6+ (66. Ne5 Ka4 67. g6 Bxg6 (67... Kxa3 68. g7 Bh7 69. Ng4 Bg8
70. Kf8 Bb3 71. Nh6 a4 72. Nf7 $18) 68. Nxg6 Kxa3 69. Ne5 Kb3 (69... a4 70. Nd3
Ka2 71. Kd6 a3 72. Nb4+ Kb3 73. Kc5 $18) 70. Kd6 a4 71. Kc5 a3 (71... Kc3 72.
Nc4 Kd3 73. g4 Ke4 74. Kb4 Kf4 75. Ne3 $18) 72. Nd3 a2 73. Nc1+ Kc2 74. Nxa2
Kd3 75. Nc3 $1 Ke3 76. Kd5 Kf3 77. Ne4) 66... Ka4 67. Nc4 Bb3 (67... Kb5 68.
Ne5 (68. Nxa5 $2 Kxa5 69. Kf6 (69. Kf7 Bb3+ 70. Kf8 Bc2) 69... Ka4 70. g6 Kxa3
71. g7 Bb3 72. Ke7 Kb4 73. g4 Kc5 74. g5 Kd4 75. Kf8 Ke5 $11) 68... Ka4 69. g6
Bxg6 70. Nxg6 Kxa3 71. Ne5 $18) 68. Nxa5 $1 (68. Nxa5 $1 Kxa5 69. g6 Ka4 70. g7
Kxa3 71. Kf8 Kb4 72. g8=Q Bxg8 73. Kxg8 Kc5 74. g4 $18) 1-0

[Event "HUN-ch 54th"]
[Site "Budapest"]
[Date "2004.08.20"]
[Round "2"]
[White "Almasi, Zoltan"]
[Black "Balogh, Csaba"]
[Result "1-0"]
[WhiteElo "2644"]
[BlackElo "2513"]
[Annotator "Ftacnik,L"]
[PlyCount "61"]
[EventDate "2004.08.19"]
[EventType "tourn"]
[EventRounds "9"]
[EventCountry "HUN"]
[EventCategory "13"]
[SourceTitle "CBM 103"]
[Source "ChessBase"]
[SourceDate "2004.11.11"]
[SourceVersion "1"]
[SourceVersionDate "2004.11.11"]
[SourceQuality "1"]

1. d4 Nf6 2. Nf3 e6 3. c4 b6 4. Nc3 Bb4 5. Bg5 Bb7 6. Nd2 h6 7. Bh4 c5 8. d5 $1
{Almasi finds courage to sacrifice the central pawn, black can not
underestimate the dangers of the position.} exd5 (8... Bxc3 9. bxc3 Qe7 (9...
e5 10. e3 d6 11. Bd3 Nbd7 12. Bf5 Qe7 13. Bxd7+ Kxd7 14. Bxf6 Qxf6 15. O-O Qe7
16. Qb3 Rhb8 17. Rab1 Ke8 18. f4 {1-0 Javakhishvili,L-Campos Calvo,S/Pedrido
2004/ (55)}) 10. Bxf6 Qxf6 11. Qb3 O-O 12. e4 d6 13. Be2 Ba6 14. O-O exd5 15.
exd5 Bc8 16. Bd3 Bf5 17. Bxf5 Qxf5 18. Rae1 Nd7 {1/2-1/2 Pinter,J-Izoria,Z/
Belfort 2004/ (45)}) (8... d6 9. Qc2 O-O 10. Nde4 g5 11. Nxf6+ Qxf6 12. Bg3
Bxc3+ 13. bxc3 e5 14. h4 e4 15. hxg5 hxg5 16. O-O-O Nd7 17. Qxe4 Qxc3+ 18. Qc2
Qa1+ 19. Kd2 Qg7 20. Bxd6 Rfe8 21. f3 b5 22. e4 {1-0 Borovikov,V-Azarov,S/
Pardubice 2004/ (48)}) (8... Qe7 9. Qc2 d6 10. O-O-O Nbd7 11. e4 O-O-O 12. Bd3
g5 13. Bg3 Nh5 14. a3 Bxc3 15. Qxc3 Nxg3 16. hxg3 h5 17. Bc2 Ne5 18. Rde1 g4 {
1/2-1/2 Pinter,J-Naiditsch,A/Izmir 2004/ (43)}) (8... O-O 9. e4 d6 10. Bd3 Nbd7
11. f4 a6 12. O-O exd5 13. Nxd5 Bxd2 14. Nxf6+ Nxf6 15. Qxd2 Re8 16. Rae1 Re6
17. h3 Rb8 18. e5 dxe5 19. fxe5 Rxe5 20. Rxe5 Qd4+ 21. Qe3 Qxh4 22. Rf4 {
1-0 Azmaiparashvili,Z-Perunovic,M/Mallorca 2004 (22)}) 9. cxd5 Qe7 (9... g5 10.
Bg3 Nxd5 11. Nxd5 Bxd5 12. a3 Ba5 13. e4 Bb7 14. Bc4 d5 15. exd5 O-O 16. O-O
Bxd5 17. Bxd5 Qxd5 18. Nb3 Qxd1 19. Raxd1 Nc6 20. Rd6 c4 21. Nxa5 Nxa5 22. Rxh6
Kg7 23. Rd6 {1-0 Gelashvili,T-Berkes,F/Aghia Pelagia 2004/ (30)}) 10. Qc2 O-O
11. e4 $146 {[%mdl 4] Very interesting novelty, since black will now be
obliged to play the weakening move g7-g5.} (11. O-O-O Bxc3 12. bxc3 Bxd5 13. e4
Bc6 14. f4 d6 15. Re1 g5 16. fxg5 Nh7 17. Bg3 (17. e5 Nxg5 18. exd6 Qf6 19. Bc4
b5 20. Rhf1 Qg7 21. Bxg5 hxg5 22. Bd3 Nd7 23. Re7 Rae8 24. Be4 Bxe4 25. Nxe4 {
1-0 Jobava,B-Zhang Zhong/Mallorca 2004 (40)}) 17... Nxg5 18. h4 Ne6 19. Nc4 Rd8
20. Ne3 Ng7 21. Bc4 Nd7 22. Ng4 Rf8 23. Nxh6+ Kh8 24. Qd2 Ne5 25. Bxe5 dxe5 26.
Ng4 {1-0 Milov,V-Parligras,M/Antalya 2004/ (26)}) 11... g5 12. Bg3 Bxc3 13.
bxc3 Bxd5 14. O-O-O Bxe4 (14... Nxe4 15. Re1 f5 16. f3 Nxg3 17. Rxe7 Nxh1 18.
Bc4 Bxc4 19. Nxc4 $18) (14... Bc6 15. e5 Nh5 16. Nc4 $14) 15. Nxe4 Qxe4 (15...
Nxe4 16. Bc4 $1 $18) 16. Bd3 Qc6 (16... Qxg2 17. h4 g4 18. Qd2 Kg7 19. Bf4 Rh8
20. h5 $18) 17. h4 $1 {White clearly aims to exploit the sensitive nature of
the enemy's kingside.} g4 (17... c4 18. Bf5 d5 19. hxg5 hxg5 20. f3 Kg7 21. Qd2
$18) 18. Qd2 Kg7 (18... c4 19. Qxh6 cxd3 20. Be5 Qe4 (20... d2+ 21. Rxd2 Qe4
22. Qxf6 Qh7 23. Rd4 $18) 21. Qxf6 Qh7 22. h5 $18) 19. Bf4 Nh5 (19... Rh8 20.
h5 Ne4 21. Be5+ f6 22. Bxe4 Qxe4 23. Bxf6+ Kxf6 24. Rhe1 Qf5 25. Qd6+ Qe6 26.
Qf4+ $18) 20. Be4 Qf6 (20... Qxe4 21. Bxh6+ Kg8 22. Bxf8 Kxf8 23. Qh6+ Kg8 24.
Qxh5 Qf4+ 25. Kb2 Qxf2+ 26. Kb1 $18) 21. Bxh6+ $1 {Balogh is punished for the
undeveloped queenside, the whole line seems to be extremely dangerous for
black.} Qxh6 22. Qxh6+ Kxh6 23. Bxa8 Nf4 (23... Nc6 24. Rd6+ Kh7 25. Bxc6 dxc6
26. Re1 $18) 24. Rhe1 c4 (24... Nc6 25. Rd6+ Kh5 26. Bxc6 dxc6 27. Re5+ $18)
25. Rd6+ Kh5 26. Re5+ f5 (26... Kxh4 27. Rh6+ $18) 27. Be4 Kxh4 (27... g3 28.
fxg3 Ne2+ 29. Kd2 Nxg3 30. Rd4 Nxe4+ 31. Rdxe4 Nc6 $18) 28. Rxf5 $1 (28. Bxf5
Nc6 29. Rb5 a6 30. g3+ Kh3 31. Rxb6 Rxf5 32. gxf4 Rxf4 $14) 28... Rxf5 29. Bxf5
g3 30. fxg3+ Kxg3 31. Bxd7 1-0

[Event "Alushta Autumn 1st"]
[Site "Alushta"]
[Date "2004.08.28"]
[Round "1"]
[White "Tishin, Dmitry"]
[Black "Obukhov, Alexander"]
[Result "0-1"]
[WhiteElo "2372"]
[BlackElo "2475"]
[Annotator "Ftacnik,L"]
[PlyCount "54"]
[EventDate "2004.08.28"]
[EventType "tourn"]
[EventRounds "15"]
[EventCountry "UKR"]
[EventCategory "9"]
[SourceTitle "CBM 103"]
[Source "ChessBase"]
[SourceDate "2004.11.11"]
[SourceVersion "1"]
[SourceVersionDate "2004.11.11"]
[SourceQuality "1"]

1. d4 Nf6 2. c4 e6 3. Nc3 Bb4 4. Nf3 b6 5. Bg5 h6 6. Bh4 Bb7 7. e3 g5 8. Bg3
Ne4 9. Rc1 Bxc3+ 10. bxc3 d6 11. Nd2 Nxg3 12. hxg3 Nd7 13. e4 {Positionally
very committing move, since white has now many pawns on the white squares.} (
13. Rh2 Qe7 14. Be2 O-O-O (14... f5 15. Bf3 Bxf3 16. Qxf3 Kf7 17. g4 Kg6 18.
gxf5+ exf5 19. g4 f4 20. Ke2 Rae8 21. Kd3 fxe3 22. fxe3 Rhf8 23. Rch1 {1-0
Fedder,S-Kopec,D/Copenhagen 1982/ (43)}) 15. Bf3 f5 16. Qa4 (16. Bxb7+ Kxb7 17.
Qf3+ Kb8 18. Nb3 c5 19. a4 Rc8 20. a5 cxd4 21. axb6 Nxb6 22. Na5 d5 23. cxd5
Qa3 {0-1 Lyner,A-Gebhard,T/Bad Wiessee 1997/ (23)}) 16... a6 (16... g4 17.
Bxb7+ Kxb7 18. Rb1 e5 19. Nb3 Nb8 20. c5 dxc5 21. dxc5 {1-0 Rashkovsky,
N-Kovacs,I/Eger 1988/ (29)}) 17. Rb1 e5 18. Bxb7+ Kxb7 19. Nb3 Ka7 20. Qc6 Rb8
21. Qxc7+ Rb7 22. Qc6 Nf6 23. Qf3 Qd7 24. Nd2 e4 25. Qd1 h5 26. Rh1 h4 {
0-1 Hardicsay,P-Toth,P/Salgotarjan 1977/ (45)}) 13... Qe7 14. Bd3 O-O-O (14...
e5 15. Qf3 c5 $11) 15. Qa4 Kb8 16. Rb1 f5 17. Kd1 (17. exf5 Bxg2 18. Rg1 exf5+
19. Kd1 Bh3 $15) 17... Qf7 18. exf5 (18. f3 fxe4 19. Bxe4 Bxe4 20. Nxe4 g4 21.
Rf1 $11) 18... exf5 19. f3 h5 {Obukhov plans to open up the kingside and get
access to the unsufficiently protected pawn structure.} 20. Qb5 Rdf8 (20... c5
21. a4 (21. Qb2 h4 22. gxh4 Rxh4 23. Rxh4 gxh4 $15) 21... Rhe8 22. Qb3 Re3 23.
Qc2 $11) 21. a4 a5 22. c5 dxc5 23. Nc4 cxd4 (23... Nf6 24. Nxa5 Nd5 25. Kd2
cxd4 26. cxd4 $14) 24. Nxa5 (24. cxd4 Qg7 25. Nxa5 (25. Qb2 h4 26. Nxa5 hxg3
27. Re1 Bd5 $19) 25... Qxd4 26. Nxb7 Kxb7 27. Ke2 Re8+ 28. Kf1 Re5 $17) 24...
dxc3 25. Nxb7 Qa2 $1 {An elegant refutation of the white's attack. Suddenly
the target becomes clear and turns out to be white king!} 26. Bc2 (26. Ke1 Qxg2
$19) 26... Kxb7 27. a5 (27. Qb3 Qxb3 28. Rxb3 Nc5 29. Rxc3 Rd8+ 30. Kc1 Rd5 $17
) 27... Rd8 (27... Rd8 28. Qxf5 Rhe8 29. Be4+ Ka7 30. Qxg5 Rxe4 $19) 0-1

[Event "FRA-chT poule haute"]
[Site "France"]
[Date "2003.05.10"]
[Round "11.5"]
[White "Bacrot, Etienne"]
[Black "Chabanon, Jean Luc"]
[Result "1-0"]
[WhiteElo "2671"]
[BlackElo "2504"]
[Annotator "Ftacnik,L"]
[PlyCount "89"]
[EventDate "2003.05.07"]
[EventType "team"]
[EventRounds "4"]
[EventCountry "FRA"]
[SourceTitle "CBM 095"]
[Source "ChessBase"]
[SourceDate "2003.07.25"]
[SourceVersion "1"]
[SourceVersionDate "2003.07.25"]
[SourceQuality "1"]
[WhiteTeam "Paris NAO"]
[BlackTeam "Cannes"]
[WhiteTeamCountry "FRA"]
[BlackTeamCountry "FRA"]

1. d4 Nf6 2. c4 e6 3. Nc3 Bb4 4. Nf3 b6 5. Bg5 Bb7 6. e3 h6 7. Bh4 g5 8. Bg3
Ne4 9. Qc2 Bxc3+ 10. bxc3 d6 11. Bd3 f5 12. d5 Nd7 13. Bxe4 fxe4 14. Qxe4 Qf6
15. O-O O-O-O 16. Qxe6 Qxe6 17. dxe6 Nc5 18. Nd4 Rde8 19. f3 Nxe6 {This middle
game position is quite playable for black due to white's weak c pawns and
opposite coloured bishops. On the other hand only white can reasonably try for
more than a draw.} 20. e4 Nc5 21. Rfe1 Nd3 22. Re2 Ne5 (22... Ba6 23. Nb5 Kd7
24. Rd1 Ne5 25. a4 Nxc4 26. Nxa7 $14) 23. Nb5 (23. c5 bxc5 24. Nf5 Nc4 25. Kf2
$14) (23. Bxe5 Rxe5 24. Rb1 Rc5 $11) 23... Nxc4 (23... a6 24. Na3 (24. Bxe5
dxe5 25. Na3 Rd8 $11) 24... g4 25. Rf1 Rhf8 26. Re3 gxf3 27. gxf3 Rf7 $13) 24.
Nxa7+ Kd7 25. Nb5 Ra8 (25... h5 26. h4 Rhg8 27. Kf2 $14) 26. e5 dxe5 (26... Ra5
27. e6+ Ke7 28. Nd4 Rf8 29. h4 $14) 27. Bxe5 Nxe5 $2 {[%mdl 16384] It is very
difficult to excuse this strategical blunder, since black had to relay on the
activity of his pieces.} (27... Rhe8 $1 28. Rd1+ Kc6 (28... Kc8 29. Bf6 $18)
29. Nd4+ Kc5 30. Rde1 Nxe5 31. Rxe5+ Rxe5 32. Rxe5+ Kc4 33. Re7 $14) 28. Rxe5
Rae8 29. Rd1+ Kc8 (29... Kc6 $2 30. Na7#) 30. Rde1 Rxe5 31. Rxe5 Kd7 (31... Rd8
32. Nd4 Ba6 33. a4 $16) 32. Rf5 Ba6 (32... Rh7 33. a4 c6 34. Nd4 c5 35. Nb5 $16
) 33. a4 Bxb5 (33... Rh7 34. Kf2 Re7 35. Rf6 $16) 34. axb5 Ke6 35. g4 Rd8 36.
Kf2 Rd2+ (36... Rd3 37. h4 $1 gxh4 38. Rh5 $16) 37. Kg3 Rc2 38. h4 $1 {This is
the reason why the rook endgame is very questionable for black, white attacks
kingside pawns.} gxh4+ (38... Rxc3 39. hxg5 hxg5 40. Rxg5 $18) 39. Kxh4 Rxc3
40. Kh5 Rc5 41. Kg6 c6 (41... Rxf5 42. gxf5+ Ke7 43. Kg7 $18) 42. bxc6 Rxc6 43.
Rf6+ Kd5 44. Rxc6 Kxc6 45. Kxh6 1-0